000 01077ntm a2200265 a 4500
001 75716
003 BD-RjUL
005 20211209082730.0
008 190527s2016 bg a|||| bm|| 00| 0 eng d
035 _a(BD-RjUL)75935
040 _aBD-RjUL
_beng
_cBD-RjUL
_dBD-RjUL
041 _aeng
082 _223
_a320.95492
_bISR 2016
100 1 _aIslam, Md. Jahidul
_9231910
245 1 0 _aThe Role of Television Programmes in promoting Political Participation of the Youth in Bangladesh /
_cMd. Jahidul Islam ;
_6Supervisor: Md. Moksuder Rahman
260 _aRajshahi :
_bInstitute of Bangladesh Studies, University of Rajshahi,
_c2016
300 _axv, 251 leaves :
_bIll. ;
_c29 cm.
502 _aThesis (Ph. D.) -- Institute of Bangladesh Studies, University of Rajshahi, 2016
504 _aBibliography: Leaves [202]-227
650 _aPolitical conditions
_zBangladesh
_9231911
650 _aTelevision in Politics
_zBangladesh
_9231912
650 _aPolitical Participation
_xYouth
_zBangladesh
_9231913
700 _aRahman, Md. Moksuder, Supervisor
_9231914
942 _2ddc
_cTHE
999 _c75716
_d75716